Načítá se...

Poet in the making The note books ed by Ralph Maud /

Podrobná bibliografie
Hlavní autor: Thomas, Dylan
Jazyk:Undetermined
Vydáno: 1968.
LEADER 00397nam a2200121Ia 4500
001 36052
008 170722s9999 xx 000 0 und d
100 |a Thomas, Dylan 
245 |a Poet in the making  |b The note books ed by Ralph Maud / 
260 |c 1968. 
942 |c GEN 
999 |c 72240  |d 72240 
952 |0 0  |1 0  |4 0  |6 O_1N14X_K7  |7 0  |8 LC1  |9 102349  |a LIB  |b LIB  |d 2017-08-12  |h LC1  |o O-,1N14x K7  |p 120933  |r 2017-08-12  |w 2017-08-12  |y GEN